Γεώργιος Βιζυηνός : μεταξύ φαντασίας και μνήμης

Αποθηκεύτηκε σε:
Λεπτομέρειες βιβλιογραφικής εγγραφής
Κύριος συγγραφέας: Χρυσανθόπουλος, Μιχάλης, 1956-
Μορφή: Βιβλίο
Γλώσσα:Greek
Δημοσίευση: Αθήνα : Εστία, 2016.
Έκδοση:3η έκδ.
Σειρά:Αναγνώσεις (Βιβλιοπωλείο της Εστίας) v.3
Θέματα:
Ετικέτες: Προσθήκη ετικέτας
Δεν υπάρχουν, Καταχωρήστε ετικέτα πρώτοι!

MARC

LEADER 00000nam a2200000 a 4500
001 1/112745
008 170120r19942016gr | ||| |||| ||gre||
020 |a 9600505578 
040 |a GR-MyUa  |b gre  |c GR-MyUa  |e AACR2 
041 0 |a gre 
082 7 |a 889.2   |2 (23) 
100 1 |a Χρυσανθόπουλος, Μιχάλης,  |d 1956- 
245 1 0 |a Γεώργιος Βιζυηνός :   |b μεταξύ φαντασίας και μνήμης /   |c Μιχάλης Χρυσανθόπουλος.  
250 |a 3η έκδ. 
260 |a Αθήνα :   |b Εστία,   |c 2016.  
300 |a 168 σ. ;   |c 7 εκ.  
490 1 |a (Αναγνώσεις / Βιβλιοπωλείο της Εστίας ;   |v  vol.3).  
504 |a Βιβλιογραφία: σ. 166-168.  
600 1 0 |a Βιζυηνός, Γεώργιος Μ.,   |d 1849-1896. 
650 0 |a Greek literature, Modern  |y 19th century. 
650 0 |a Greek literature. 
830 0 |a Αναγνώσεις (Βιβλιοπωλείο της Εστίας)  |v  v.3  
852 |a INST  |b RHODES  |c EUDOXUS  |e 20170120  |h 889.2  |p 005400039022  |q 005400039022  |t EDX  |y 0 
852 |a INST  |b RHODES  |c EUDOXUS  |e 20170120  |h 889.2  |p 005400039023  |q 005400039023  |t EDX  |y 0 
852 |a INST  |b RHODES  |c EUDOXUS  |e 20170120  |h 889.2  |p 005400039024  |q 005400039024  |t EDX  |y 0 
920 |a Εύδοξος  |b Παραγγελία  |y Ρόδος-ΠΤΔΕ  |z 2017-01 
970 |z 20-01-2017